| Tag |
First Indicator |
Second Indicator |
Subfields |
| LEADER |
00000cam a2200000 a 4500 |
| 001 |
in00002575351 |
| 005 |
20151201152310.0 |
| 008 |
091103s2010 mduabf bd 000 0 eng |
| 010 |
|
|
|a 2009046245
|
| 020 |
|
|
|a 9780810860964 (cloth : alk. paper)
|
| 020 |
|
|
|a 0810860961 (cloth : alk. paper)
|
| 020 |
|
|
|a 9780810874503 (ebook)
|
| 020 |
|
|
|a 0810874504 (ebook)
|
| 035 |
|
|
|a (OCoLC)ocn463675723
|
| 035 |
|
|
|a (OCoLC)463675723
|
| 040 |
|
|
|a DLC
|c DLC
|d YDXCP
|d C#P
|d BWX
|d UtOrBLW
|
| 043 |
|
|
|a a-ai---
|
| 049 |
|
|
|a TXAM
|
| 050 |
0 |
0 |
|a DS173
|b .A33 2010
|
| 082 |
0 |
0 |
|a 956.6/2003
|2 22
|
| 100 |
1 |
|
|a Adalian, Rouben Paul.
|
| 245 |
1 |
0 |
|a Historical dictionary of Armenia /
|c Rouben Paul Adalian.
|
| 250 |
|
|
|a 2nd ed.
|
| 264 |
|
1 |
|a Lanham, Md. :
|b Scarecrow Press,
|c 2010.
|
| 300 |
|
|
|a lxviii, 674 pages, 8 unnumbered pages of plates :
|b illustrations, map ;
|c 23 cm.
|
| 336 |
|
|
|a text
|b txt
|2 rdacontent
|
| 337 |
|
|
|a unmediated
|b n
|2 rdamedia
|
| 338 |
|
|
|a volume
|b nc
|2 rdacarrier
|
| 490 |
1 |
|
|a Historical dictionaries of Europe ;
|v no. 77
|
| 504 |
|
|
|a Includes bibliographical references.
|
| 651 |
|
0 |
|a Armenia
|x History
|v Dictionaries.
|
| 650 |
|
0 |
|a Armenians
|z Foreign countries
|x History
|v Dictionaries.
|
| 650 |
|
0 |
|a Armenian literature
|v Dictionaries.
|
| 830 |
|
0 |
|a Historical dictionaries of Europe ;
|v no. 77.
|
| 938 |
|
|
|a YBP Library Services
|b YANK
|n 3143337
|
| 938 |
|
|
|a Blackwell Book Service
|b BBUS
|n R2850594
|c $150.00
|
| 945 |
|
|
|a PromptCat
|b 15385
|
| 946 |
|
|
|a stk
|
| 947 |
|
|
|a A14840179781
|
| 994 |
|
|
|a 92
|b TXA
|
| 948 |
|
|
|a Cataloged
|b h
|c 2010/7/1
|d c
|e ibarton
|
| 999 |
|
|
|a MARS
|
| 999 |
f |
f |
|s 72a1f2c6-ef26-31fd-981c-db8296787cce
|i 4dab1f49-e109-3087-85a6-21bbe27a2d01
|t 0
|
| 952 |
f |
f |
|p ric
|a Texas A&M University
|b Rellis Campus
|c Joint Library Facility
|d Remote Storage
|t 0
|e DS173 .A33 2010
|h Library of Congress classification
|i unmediated -- volume
|m A14840179781
|
| 998 |
f |
f |
|a DS173 .A33 2010
|t 0
|l Remote Storage
|